Các văn bản pháp luật về luật tài chính
Saved in:
| Format: | Book |
|---|---|
| Language: | Undetermined |
| Published: |
Hà Nội
Chính trị Quốc gia
1999
|
| Subjects: | |
| Tags: |
Add Tag
No Tags, Be the first to tag this record!
|
| Institutions: | Trung tâm Học liệu Trường Đại học Cần Thơ |
|---|
| LEADER | 00451nam a2200145Ia 4500 | ||
|---|---|---|---|
| 001 | CTU_46870 | ||
| 008 | 210402s9999 xx 000 0 und d | ||
| 082 | |a 343.59703 | ||
| 082 | |b C101/1999 | ||
| 245 | 0 | |a Các văn bản pháp luật về luật tài chính | |
| 260 | |a Hà Nội | ||
| 260 | |b Chính trị Quốc gia | ||
| 260 | |c 1999 | ||
| 650 | |a finance, public - vietnam | ||
| 980 | |a Trung tâm Học liệu Trường Đại học Cần Thơ | ||